[Event "London WFW"]
[Site "London ENG"]
[Date "1988.??.??"]
[Round "10"]
[White "Levitt, Jonathan"]
[Black "Westerinen, Heikki M J"]
[Result "1-0"]
[WhiteElo "2440"]
[BlackElo "2395"]
[PlyCount "123"]
[EventDate "1988.05.??"]
[Source "www.chesslib.no"]
[SourceDate "2004.05.04"]

1. d4 Nf6 2. c4 g6 3. Nc3 d5 4. Bf4 Bg7 5. e3 O-O 6. cxd5 Nxd5 7. Nxd5 Qxd5 8. Bxc7 Na6 9. Bxa6 Qxg2 10. Qf3 Qxf3 11. Nxf3 bxa6 12. Rc1 a5 13. O-O a4 14. Rc5 a6 15. Rfc1 Be6 16. Nd2 Ra7 17. b3 axb3 18. axb3 Rc8 19. Bb6 Raa8 20. b4 Kf8 21. Nc4 Ke8 22. Bc7 Bxc4 23. R5xc4 Kd7 24. Kf1 e6 25. Bb6 Rxc4 26. Rxc4 Rc8 27. Bc5 Bf8 28. Ke2 Bd6 29. h3 Bc7 30. Rc2 a5 31. b5 Rb8 32. Rb2 a4 33. Kd3 Ra8 34. Kc4 Ba5 35. e4 Kc7 36. Ra2 Be1 37. Re2 Ba5 38. Re3 Bd2 39. Rd3 Bc1 40. Rf3 f5 41. exf5 exf5 42. Rc3 Bd2 43. Rc2 Bg5 44. Kb4 Kb7 45. Ra2 Bh4 46. d5 g5 47. Be7 f4 48. d6 Kc8 49. b6 Kd7 50. Kb5 Rb8 51. Rc2 Ke6 52. Ka6 Ra8+ 53. Kb7 Ra5 54. Kc6 a3 55. Re2+ Kf7 56. b7 Ra6+ 57. Kc7 Ra7 58. d7 f3 59. Ra2 Bxf2 60. Rxf2 a2 61. Rxf3+ Kg6 62. Bf6 1-0

[Event "IBM-B"]
[Site "Amsterdam"]
[Date "1979.??.??"]
[Round "8"]
[White "Bohm, Hans"]
[Black "Hoelzl, Franz"]
[Result "1-0"]
[WhiteElo "2410"]
[BlackElo "2425"]
[PlyCount "83"]
[EventDate "1979.07.??"]
[Source "ChessBase"]

1. d4 Nf6 2. c4 g6 3. Nc3 d5 4. Bf4 Bg7 5. e3 O-O 6. cxd5 Nxd5 7. Nxd5 Qxd5 8. Bxc7 Nc6 9. Ne2 Bg4 10. f3 Rac8 11. Nc3 Qe6 12. Bf4 Bxd4 13. fxg4 g5 14. Bxg5 Rfd8 15. Qc1 Nb4 16. Be2 Nxa2 17. Rxa2 Bxc3+ 18. bxc3 Qxa2 19. Bxe7 Rd5 20. Bf3 Rd3 21. Bf6 Qe6 22. g5 Rxe3+ 23. Kf2 Rd3 24. Rd1 Qb6+ 25. Ke2 Rd6 26. Rxd6 Qxd6 27. h3 b5 28. Qe3 a5 29. Bb7 Rf8 30. Be7 Qd7 31. Bxf8 Qxb7 32. Bc5 Qxg2+ 33. Ke1 Qh1+ 34. Kf2 Qh2+ 35. Kf1 Qh1+ 36. Ke2 Qg2+ 37. Kd1 Qd5+ 38. Kc1 b4 39. cxb4 Qc4+ 40. Kb2 axb4 41. Bd4 Qe6 42. Qf3 1-0

[Event "Barnaul"]
[Site "?"]
[Date "1988.??.??"]
[Round "?"]
[White "Yakovich, Y."]
[Black "Kamsky, G."]
[Result "1-0"]
[WhiteElo "2450"]
[BlackElo "2380"]
[PlyCount "105"]
[EventDate "1988.??.??"]
[Source "ChessBase"]
[SourceDate "1988.07.01"]

1. d4 Nf6 2. c4 g6 3. Nc3 d5 4. Bf4 Bg7 5. e3 O-O 6. cxd5 Nxd5 7. Nxd5 Qxd5 8. Bxc7 Na6 9. Bxa6 bxa6 10. Nf3 Bf5 11. Qb3 Qc6 12. Bg3 Be4 13. O-O Rfc8 14. Qa3 e6 15. b3 Bf8 16. Qa5 Qb7 17. Rac1 Bb4 18. Qg5 Bd3 19. Rxc8+ Rxc8 20. Ra1 Be7 21. Qf4 Qc6 22. h4 f6 23. Kh2 Qd5 24. Rd1 Bf5 25. Nd2 g5 26. hxg5 fxg5 27. Qf3 Bc2 28. Rc1 Qxf3 29. Nxf3 Ba3 30. Re1 Bb4 31. Rg1 h6 32. Ne5 a5 33. f3 Bh7 34. Nc4 Bd3 35. a3 Bxc4 36. bxc4 Bxa3 37. c5 Bb4 38. Rb1 Kf7 39. Be5 h5 40. Kg3 Kg6 41. Kf2 h4 42. Ke2 a6 43. e4 Kh5 44. Kd3 g4 45. fxg4+ Kxg4 46. Kc4 Rf8 47. c6 Rf2 48. Rc1 Ba3 49. Rc3 Bb4 50. c7 Rf8 51. Rf3 Rc8 52. d5 exd5+ 53. exd5 1-0

[Event "Lloyds Bank Open"]
[Site "London ENG"]
[Date "1985.??.??"]
[Round "?"]
[White "Littlewood, Paul E"]
[Black "Pein, Malcolm"]
[Result "1-0"]
[WhiteElo "2445"]
[BlackElo "2370"]
[PlyCount "61"]
[EventDate "1985.08.??"]
[Source "www.chesslib.no"]
[SourceDate "2004.05.04"]

1. d4 Nf6 2. c4 g6 3. Nc3 d5 4. Bf4 Bg7 5. e3 O-O 6. cxd5 Nxd5 7. Nxd5 Qxd5 8. Bxc7 Na6 9. Bxa6 Qxg2 10. Qf3 Qxf3 11. Nxf3 bxa6 12. Rg1 Be6 13. Kd2 f6 14. Rgc1 Bd5 15. Ne1 e5 16. Rc5 Bb7 17. d5 Rf7 18. d6 Bf8 19. Rd1 Rd7 20. Ke2 Re8 21. Rc3 Re6 22. Nd3 Rexd6 23. Bxd6 Rxd6 24. Ne1 e4 25. Rc7 Rb6 26. b3 a5 27. Rd8 a4 28. Kd2 axb3 29. axb3 Rxb3 30. Nc2 Rb2 31. Rb8 1-0

[Event "Open"]
[Site "Sydney AUS"]
[Date "2007.04.11"]
[Round "2"]
[White "Chow, S."]
[Black "Shipov, S."]
[Result "1/2-1/2"]
[WhiteElo "2220"]
[BlackElo "2592"]
[PlyCount "129"]
[EventDate "2007.04.10"]
[Source "www.chesslib.no"]
[SourceDate "2004.05.04"]

1. d4 Nf6 2. c4 g6 3. Nc3 d5 4. Bf4 Bg7 5. e3 O-O 6. cxd5 Nxd5 7. Nxd5 Qxd5 8. Bxc7 Na6 9. Bxa6 bxa6 10. Nf3 Bf5 11. Qb3 Qc6 12. Bg3 Be4 13. O-O Rfc8 14. Qb4 e6 15. Ne1 g5 16. f3 Bg6 17. Rd1 Qd5 18. b3 a5 19. Qd2 a4 20. e4 Qb5 21. d5 axb3 22. axb3 Qxb3 23. d6 Rc4 24. Bf2 h6 25. Nd3 Rd8 26. Nc5 Qa3 27. Qd3 Qxd3 28. Rxd3 Bf8 29. Rfd1 Rxd6 30. Rxd6 Bxd6 31. Nb3 Bf4 32. Bxa7 g4 33. g3 Bg5 34. f4 Be7 35. Rd7 Kf8 36. e5 Rc3 37. Nd2 Bd3 38. Kf2 Bf5 39. Be3 Rc2 40. Ke2 Rb2 41. Rc7 h5 42. Bc5 Bxc5 43. Rxc5 Be4 44. Ke3 Bd5 45. f5 Kg7 46. fxe6 fxe6 47. Rc1 Rb5 48. Ne4 Rb3+ 49. Rc3 Rb2 50. Nf6 Rxh2 51. Nxd5 exd5 52. Kf4 Rf2+ 53. Kg5 Kf7 54. Rc6 Rf3 55. Kxh5 Rxg3 56. Rd6 Re3 57. Rxd5 Ke6 58. Rd4 g3 59. Rg4 Kf5 60. Kh4 Re1 61. Rg5+ Kf4 62. Rg4+ Kxe5 63. Kxg3 Rg1+ 64. Kf3 Rxg4 65. Kxg4 1/2-1/2

[Event "Roskilde"]
[Site "Roskilde"]
[Date "1978.??.??"]
[Round "3"]
[White "Fedder, Steen"]
[Black "Rajna, George"]
[Result "1-0"]
[WhiteElo "2400"]
[BlackElo "2410"]
[PlyCount "135"]
[EventDate "1978.02.??"]
[Source "ChessBase"]

1. d4 Nf6 2. c4 g6 3. Nc3 d5 4. Bf4 Bg7 5. e3 O-O 6. cxd5 Nxd5 7. Nxd5 Qxd5 8. Bxc7 Nc6 9. Ne2 Bg4 10. f3 Bxf3 11. gxf3 Qxf3 12. Rg1 Rac8 13. Bg2 Qh5 14. Bg3 e5 15. Bxc6 Rxc6 16. d5 Rb6 17. b3 f5 18. d6 Qf3 19. d7 Rd8 20. Qd3 f4 21. Bh4 Bf6 22. Bxf6 Rxf6 23. Rf1 Qg4 24. O-O-O Rf7 25. exf4 Rdxd7 26. Qe4 Rxd1+ 27. Kxd1 Qh3 28. Rf2 Qh4 29. Qe3 Qd8+ 30. Kc2 Rc7+ 31. Nc3 Qd4 32. Re2 Qxe3 33. Rxe3 exf4 34. Rf3 g5 35. Kd3 Kg7 36. Ke4 Kg6 37. Rd3 Re7+ 38. Kf3 Kh5 39. Ne4 Rf7 40. h3 Kh4 41. Rd6 Kh5 42. Nf6+ Kh4 43. Ng4 h5 44. Rh6 Rc7 45. Nf6 Rc3+ 46. Ke4 Re3+ 47. Kd4 Kxh3 48. Rxh5+ Kg2 49. Rxg5+ Kf3 50. Rg7 Re2 51. a4 Rd2+ 52. Kc3 Rd6 53. Nh5 Rc6+ 54. Kb2 Rh6 55. Nxf4 Kxf4 56. Rxb7 a6 57. Kc3 Ke4 58. Kb4 Rh5 59. Ra7 Kd3 60. Rxa6 Rh4+ 61. Ka3 Kd4 62. Rc6 Kd5 63. Rc1 Rg4 64. a5 Rh4 65. b4 Kd6 66. Ka4 Kd7 67. a6 Rh2 68. Ka5 1-0

[Event "Suwalki op-A"]
[Site "?"]
[Date "2000.??.??"]
[Round "?"]
[White "Veremeichik Vladimir"]
[Black "Goryachkin Vyacheslav"]
[Result "1-0"]
[WhiteElo "2385"]
[BlackElo "2420"]
[PlyCount "39"]
[EventDate "2000.??.??"]
[Source "www.chesslib.no"]
[SourceDate "2004.05.04"]

1. d4 Nf6 2. c4 g6 3. Nc3 d5 4. Bf4 Bg7 5. e3 O-O 6. cxd5 Nxd5 7. Nxd5 Qxd5 8. Bxc7 Nc6 9. Ne2 Bg4 10. f3 Rac8 11. Nc3 Qe6 12. Bf4 Bxd4 13. fxg4 g5 14. Bxg5 Rfd8 15. Qc1 Nb4 16. Be2 Nxa2 17. Rxa2 Bxc3+ 18. bxc3 Qxa2 19. Bxe7 Re8 20. Bf6 1-0

[Event "Novgorod op"]
[Site "Novgorod"]
[Date "1999.03.19"]
[Round "1"]
[White "Zakharevich, Igor"]
[Black "Driamin, Dmitrij"]
[Result "1/2-1/2"]
[WhiteElo "2532"]
[BlackElo "2267"]
[PlyCount "55"]
[EventDate "1999.03.19"]
[Source "ChessBase"]
[SourceDate "1999.05.10"]

1. d4 Nf6 2. c4 g6 3. Nc3 d5 4. Bf4 Bg7 5. e3 O-O 6. cxd5 Nxd5 7. Nxd5 Qxd5 8. Bxc7 Na6 9. Bxa6 Qxg2 10. Qf3 Qxf3 11. Nxf3 bxa6 12. Rc1 Bb7 13. Ke2 f6 14. Rc5 e6 15. Rhc1 Rf7 16. Bg3 Bd5 17. Nd2 Bf8 18. Rc8 Rxc8 19. Rxc8 Kg7 20. a3 Be7 21. Nc4 g5 22. Kd3 Bb7 23. Rc7 Bg2 24. Kc3 h5 25. Bd6 Bd8 26. Rxf7+ Kxf7 27. Kb4 Ke8 28. Bb8 1/2-1/2

[Event "06.OIBayEM Bad Wiessee op"]
[Site "?"]
[Date "2002.10.28"]
[Round "3"]
[White "Naumann Alexander"]
[Black "Buchner Rudolf"]
[Result "1/2-1/2"]
[WhiteElo "2513"]
[BlackElo "2278"]
[PlyCount "48"]
[EventDate "2002.??.??"]
[Source "www.chesslib.no"]
[SourceDate "2004.05.04"]

1. d4 Nf6 2. c4 g6 3. Nc3 d5 4. Bf4 Bg7 5. e3 O-O 6. cxd5 Nxd5 7. Nxd5 Qxd5 8. Bxc7 Nc6 9. Ne2 Bg4 10. f3 Bxf3 11. gxf3 Qxf3 12. Rg1 Qxe3 13. Rg3 Qe6 14. d5 Qd7 15. dxc6 Qxc7 16. Qc2 Rac8 17. Bg2 Rfd8 18. Rd1 Rxd1+ 19. Kxd1 bxc6 20. Kc1 Be5 21. Rd3 Bxh2 22. Qd2 Be5 23. Kc2 Rb8 24. b3 Bf6 1/2-1/2

[Event "Corsica op"]
[Site "Bastia"]
[Date "1999.??.??"]
[Round "1"]
[White "Kharlov, Andrei"]
[Black "Galli, Jean Christ"]
[Result "1-0"]
[WhiteElo "2615"]
[BlackElo "2175"]
[PlyCount "69"]
[EventDate "1999.11.??"]
[Source "www.chesslib.no"]
[SourceDate "2004.05.04"]

1. d4 Nf6 2. c4 g6 3. Nc3 d5 4. Bf4 Bg7 5. e3 O-O 6. cxd5 Nxd5 7. Nxd5 Qxd5 8. Bxc7 Nc6 9. Nf3 Bg4 10. Be2 Rac8 11. Bg3 Nb4 12. O-O Rfd8 13. b3 b5 14. h3 Bd7 15. Ne1 Qb7 16. Qd2 Nd5 17. Nd3 Nf6 18. f3 Nh5 19. Bh2 Nf6 20. Rac1 Bc6 21. Ne5 Nd7 22. Nxc6 Rxc6 23. Rxc6 Qxc6 24. Rc1 Qd5 25. Bc7 Rc8 26. f4 Qb7 27. Bf3 Qa6 28. g4 h6 29. Rc2 Qa3 30. Bb7 Rf8 31. Qa5 Qxa5 32. Bxa5 Rb8 33. Rc7 Rd8 34. Bf3 a6 35. Rb7 1-0

[Event "Budapest FS09 IM"]
[Site "Budapest"]
[Date "1997.09.09"]
[Round "4"]
[White "Varga, Peter"]
[Black "Demkovich, Anatoliy"]
[Result "1/2-1/2"]
[WhiteElo "2395"]
[BlackElo "2390"]
[PlyCount "166"]
[EventDate "1997.09.06"]
[Source "ChessBase"]
[SourceDate "1997.09.26"]

1. d4 Nf6 2. c4 g6 3. Nc3 d5 4. Bf4 Bg7 5. e3 O-O 6. cxd5 Nxd5 7. Nxd5 Qxd5 8. Bxc7 Na6 9. Bg3 e5 10. Bxa6 Qa5+ 11. Qd2 Qxa6 12. d5 Bf5 13. Ne2 Rac8 14. Nc3 Rfd8 15. Rc1 Qc4 16. Rd1 b5 17. a3 a5 18. d6 Rc6 19. Qe2 Rcxd6 20. Rxd6 Rxd6 21. Qxc4 bxc4 22. e4 Be6 23. Ke2 Rb6 24. Rb1 f5 25. f3 Kf7 26. Kd1 h5 27. Kc2 Rb8 28. h3 f4 29. Bf2 g5 30. Rd1 g4 31. hxg4 hxg4 32. Rh1 Rd8 33. Bb6 Rd3 34. fxg4 Rg3 35. Rh2 Rxg4 36. Bxa5 Bf6 37. Bb6 Bh4 38. Bc7 Bg3 39. Rh7+ Kg6 40. Re7 Bf7 41. Bxe5 Bh4 42. Rd7 Rxg2+ 43. Rd2 Rxd2+ 44. Kxd2 Kg5 45. a4 Bh5 46. Bd4 f3 47. a5 Bg3 48. Be3+ Kf6 49. Nd1 Bg6 50. Bf2 Bf4+ 51. Kc3 Bxe4 52. Kxc4 Ke6 53. Nc3 Bc6 54. b4 Be5 55. Nb5 Kd7 56. Na7 Bb7 57. Nb5 Ba6 58. Kc5 Bc7 59. Nd4 Bd3 60. Nxf3 Bd6+ 61. Kb6 Bf1 62. Be1 Bc7+ 63. Ka7 Bf4 64. Bd2 Bg3 65. Bc3 Bf2+ 66. Bd4 Bg3 67. Bc5 Kc8 68. Nd4 Bg2 69. Nb5 Bf1 70. Kb6 Bh4 71. Na7+ Kb8 72. Nc6+ Ka8 73. b5 Bg3 74. a6 Bc7+ 75. Kxc7 Bxb5 76. Nb4 Bxa6 77. Nd5 Bf1 78. Bd4 Bh3 79. Nf4 Bc8 80. Nd3 Bh3 81. Nc5 Bf1 82. Nd7 Bh3 83. Nb6+ Ka7 1/2-1/2

[Event "XXXII Open"]
[Site "Siviglia SPA"]
[Date "2007.01.12"]
[Round "6"]
[White "Fenollar Jorda, M."]
[Black "Van Der Weide, K."]
[Result "0-1"]
[WhiteElo "2307"]
[BlackElo "2476"]
[PlyCount "62"]
[EventDate "2007.01.07"]
[Source "www.chesslib.no"]
[SourceDate "2004.05.04"]

1. d4 Nf6 2. c4 g6 3. Nc3 d5 4. Bf4 Bg7 5. e3 O-O 6. cxd5 Nxd5 7. Nxd5 Qxd5 8. Bxc7 Bf5 9. Ne2 Rc8 10. Nc3 Qc6 11. Bg3 Na6 12. Be2 Qxg2 13. Bf3 Qh3 14. Bxb7 Nb4 15. Nd5 Nd3+ 16. Kd2 Nxb2 17. Qb3 Nc4+ 18. Ke1 Na5 19. Nxe7+ Kh8 20. Qb5 Nxb7 21. Qxb7 Re8 22. Nxf5 gxf5 23. Ke2 Rad8 24. Rhd1 Re4 25. Rab1 Qh5+ 26. Kf1 Qf3 27. Rdc1 h5 28. Rc8 Rxc8 29. Qxc8+ Kh7 30. Rb3 h4 31. Bf4 Qd1+ 0-1

[Event "URS Ch otbor56"]
[Site "Uzhgorod"]
[Date "1988.??.??"]
[Round "?"]
[White "Huzman, Alexander"]
[Black "Vakhidov, Tahir"]
[Result "1/2-1/2"]
[WhiteElo "2490"]
[BlackElo "2290"]
[PlyCount "108"]
[EventDate "1988.??.??"]
[Source "www.chesslib.no"]
[SourceDate "2004.05.04"]

1. d4 Nf6 2. c4 g6 3. Nc3 d5 4. Bf4 Bg7 5. e3 O-O 6. cxd5 Nxd5 7. Nxd5 Qxd5 8. Bxc7 Na6 9. Bxa6 bxa6 10. Nf3 Qb7 11. Bg3 Qxb2 12. O-O Bf5 13. Qb3 Qxb3 14. axb3 Bd3 15. Rfc1 Rfc8 16. Bc7 Kf8 17. Rc3 Bb5 18. Rac1 Ke8 19. Nd2 h6 20. f3 Bf8 21. Kf2 Kd7 22. Ba5 Rxc3 23. Rxc3 Rc8 24. Rxc8 Kxc8 25. Bb4 Kd7 26. Nc4 Bg7 27. Bc5 f5 28. e4 fxe4 29. fxe4 h5 30. Bxa7 Kc7 31. Bc5 Kc6 32. Na5+ Kc7 33. Nc4 Kc6 34. Na3 e5 35. Nxb5 axb5 36. Ke3 exd4+ 37. Bxd4 Bh6+ 38. Kd3 Bf4 39. h3 Bc7 40. Ba7 Be5 41. Ke3 Kd7 42. Bd4 Bc7 43. e5 Ke6 44. Kf4 Bd8 45. Bc5 Kd5 46. Bf8 Ke6 47. Bg7 Kf7 48. Bf6 Bb6 49. Bh4 Ke6 50. Be1 Bd8 51. Bb4 Kd5 52. Bd6 Ke6 53. Ke4 Bb6 54. Kd3 Kd5 1/2-1/2

[Event "RSFSR Ch"]
[Site "Voronezh RUS"]
[Date "1988.??.??"]
[Round "?"]
[White "Yakovich, Yuri"]
[Black "Yandemirov, Valeri"]
[Result "1-0"]
[WhiteElo "2450"]
[BlackElo "2325"]
[PlyCount "66"]
[EventDate "1988.??.??"]
[Source "www.chesslib.no"]
[SourceDate "2004.05.04"]

1. d4 Nf6 2. c4 g6 3. Nc3 d5 4. Bf4 Bg7 5. e3 O-O 6. cxd5 Nxd5 7. Nxd5 Qxd5 8. Bxc7 Na6 9. Bxa6 Qxg2 10. Qf3 Qxf3 11. Nxf3 bxa6 12. Rc1 Bb7 13. Ke2 e5 14. Bxe5 Bxe5 15. dxe5 Rae8 16. Rc5 Re7 17. Rd1 Rfe8 18. Rd6 Bxf3+ 19. Kxf3 Rxe5 20. Rxe5 Rxe5 21. Rxa6 Rf5+ 22. Ke2 Rh5 23. Rxa7 Rxh2 24. a4 Rh4 25. Kd3 Rh2 26. Rb7 Rxf2 27. a5 Rf1 28. Rb3 Rd1+ 29. Ke2 Rd8 30. a6 Kg7 31. Ra3 Kf6 32. b4 Ke6 33. b5 f5 1-0

[Event "Mitropa-Cup"]
[Site "Brno"]
[Date "1991.??.??"]
[Round "7"]
[White "Santolini, Luigi"]
[Black "Djuric, Stefan"]
[Result "1-0"]
[WhiteElo "2240"]
[BlackElo "2535"]
[PlyCount "94"]
[EventDate "1991.10.??"]
[Source "ChessBase"]

1. d4 Nf6 2. c4 g6 3. Nc3 d5 4. Bf4 Bg7 5. e3 O-O 6. cxd5 Nxd5 7. Nxd5 Qxd5 8. Bxc7 Na6 9. Bxa6 bxa6 10. Nf3 Qb7 11. Be5 Bxe5 12. Nxe5 Bh3 13. Qf3 Qb4+ 14. Kf1 Qxb2 15. Rd1 Be6 16. Qe2 Qb7 17. f3 Rac8 18. Kf2 Rc3 19. Rd2 Rfc8 20. Rhd1 f6 21. d5 fxe5 22. dxe6 Qb6 23. Rd3 Qxe6 24. Rxc3 Rxc3 25. Qb2 Rc4 26. Rd2 Kf7 27. Qb3 Qc6 28. Qa3 Rc5 29. Qd3 Rc3 30. Qb1 Qc4 31. Qb7 Qh4+ 32. Ke2 Qc4+ 33. Ke1 Rc1+ 34. Kf2 Qh4+ 35. Ke2 Qc4+ 36. Kf2 Qh4+ 37. Ke2 Qe1+ 38. Kd3 Qf1+ 39. Re2 Qd1+ 40. Rd2 Qf1+ 41. Re2 Kf6 42. Qxa6+ e6 43. Qa3 Rc8 44. Qb2 Qd1+ 45. Rd2 Rd8+ 46. Ke4 Qxd2 47. Qxe5+ Kf7 1-0

[Event "Gausdal Masters"]
[Site "Gausdal"]
[Date "1996.??.??"]
[Round "4"]
[White "Elsness, Frode"]
[Black "Moberg, Karl Johan"]
[Result "1/2-1/2"]
[WhiteElo "2365"]
[BlackElo "2405"]
[PlyCount "69"]
[EventDate "1996.01.??"]
[Source "ChessBase"]

1. d4 Nf6 2. c4 g6 3. Nc3 d5 4. Bf4 Bg7 5. e3 O-O 6. cxd5 Nxd5 7. Nxd5 Qxd5 8. Bxc7 Na6 9. Bxa6 Qxg2 10. Qf3 Qxf3 11. Nxf3 bxa6 12. Rc1 Bb7 13. Ke2 f6 14. Rc5 e6 15. Rhc1 Rf7 16. Bg3 Rd8 17. Rc7 Rdd7 18. Rxd7 Rxd7 19. Rc7 Rxc7 20. Bxc7 Bf8 21. Nd2 g5 22. Nc4 Be7 23. Kd3 Kg7 24. e4 Kg6 25. Nd6 Bxd6 26. Bxd6 f5 27. exf5+ Kxf5 28. b4 Be4+ 29. Ke2 Bd5 30. a3 a5 31. bxa5 a6 32. f3 g4 33. fxg4+ Kxg4 34. Ke3 h5 35. Be5 1/2-1/2

[Event "European Youth Chess Championships"]
[Site "Urgup"]
[Date "2004.??.??"]
[Round "5.9"]
[White "Iotov, Valentin"]
[Black "Meszaros, Michal"]
[Result "1/2-1/2"]
[WhiteElo "2417"]
[BlackElo "2339"]
[PlyCount "55"]
[EventDate "2004.07.29"]
[Source "Roberto Alvarez"]
[SourceDate "2004.08.30"]

1. d4 Nf6 2. c4 g6 3. Nc3 d5 4. Bf4 Bg7 5. e3 O-O 6. cxd5 Nxd5 7. Nxd5 Qxd5 8. Bxc7 Na6 9. Bxa6 Qxg2 10. Qf3 Qxf3 11. Nxf3 bxa6 12. Rc1 f6 13. Rg1 Bb7 14. Ke2 Rac8 15. Rc5 e5 16. Rgc1 exd4 17. Nxd4 Rfe8 18. Bg3 f5 19. Rxc8 Rxc8 20. Rxc8+ Bxc8 21. Kd3 Bxd4 22. Kxd4 Be6 23. a3 a5 24. Bb8 a6 25. Kc5 a4 26. Kb4 Bd7 27. Ka5 Bb5 28. Be5 1/2-1/2

[Event "Salongernas IM"]
[Site "Stockholm"]
[Date "1996.??.??"]
[Round "?"]
[White "Hedman, Erik"]
[Black "Dzevlan, Miralem"]
[Result "0-1"]
[WhiteElo "2355"]
[BlackElo "2395"]
[PlyCount "126"]
[EventDate "1996.??.??"]
[Source "www.chesslib.no"]
[SourceDate "2004.05.04"]

1. d4 Nf6 2. c4 g6 3. Nc3 d5 4. Bf4 Bg7 5. e3 O-O 6. cxd5 Nxd5 7. Nxd5 Qxd5 8. Bxc7 Na6 9. Bxa6 bxa6 10. Nf3 Bf5 11. O-O Qb7 12. Bg3 Qxb2 13. Qb3 Qxb3 14. axb3 Bc2 15. Rfc1 Bd3 16. Rc7 Rfe8 17. Ne1 Bb5 18. Nf3 f6 19. Rac1 Bf8 20. Nd2 a5 21. Ra1 Rec8 22. Rxa5 a6 23. Ra1 Rxc7 24. Bxc7 Rc8 25. Ba5 Rc2 26. f3 e6 27. Ne4 f5 28. Nd2 e5 29. Rd1 f4 30. exf4 exd4 31. Ne4 d3 32. Bc3 Be7 33. Rd2 Bc5+ 34. Nxc5 Rxc3 35. b4 a5 36. Nxd3 Bxd3 37. bxa5 Ra3 38. Kf2 h5 39. a6 Kf7 40. a7 Bf5 41. Kg3 Rxa7 42. Kh4 Kf6 43. Rb2 Ra4 44. Kg3 Be6 45. Rb6 Ra2 46. h4 Ke7 47. Rc6 Bf5 48. Kh2 Rd2 49. Kg1 Rd6 50. Rc4 Be6 51. Re4 Rc6 52. Kh2 Rc4 53. Rxc4 Bxc4 54. g4 Be2 55. Kg3 Bd1 56. f5 gxf5 57. gxh5 Kf6 58. Kf4 Bc2 59. h6 Kg6 60. h7 Kxh7 61. Kg5 Kg7 62. h5 Bb1 63. h6+ Kf7 0-1

[Event "SWE-ch"]
[Site "Borlange"]
[Date "1995.??.??"]
[Round "5"]
[White "Hedman, Erik"]
[Black "Moberg, Karl Johan"]
[Result "1/2-1/2"]
[WhiteElo "2320"]
[BlackElo "2420"]
[PlyCount "144"]
[EventDate "1995.07.??"]
[Source "ChessBase"]

1. d4 Nf6 2. c4 g6 3. Nc3 d5 4. Bf4 Bg7 5. e3 O-O 6. cxd5 Nxd5 7. Nxd5 Qxd5 8. Bxc7 Na6 9. Bxa6 bxa6 10. Nf3 Be6 11. O-O Qb7 12. Be5 Bc4 13. Re1 Qxb2 14. Bxg7 Kxg7 15. Ne5 Rfc8 16. Qf3 Bxa2 17. Nd3 Qc3 18. Qe4 Be6 19. Nc5 Qc4 20. Rxa6 Rxc5 21. Qxa8 Qxa6 22. dxc5 Qa5 23. Rd1 Bb3 24. Qd8 Qxc5 25. Ra1 a6 26. Qd3 Qc4 27. Qd2 Qe6 28. Rc1 f6 29. Qb4 Kf7 30. e4 a5 31. Qxa5 Qxe4 32. Re1 Qd4 33. Qc7 Be6 34. h3 Qd2 35. Rb1 Qd7 36. Qf4 Qd5 37. Rb8 g5 38. Qb4 Bd7 39. Rd8 Qd1+ 40. Kh2 Qd5 41. Qb8 Qb5 42. Rf8+ Ke6 43. Qg3 h5 44. f4 gxf4 45. Qxf4 Be8 46. Qe4+ Kd7 47. Rg8 Qe5+ 48. Qxe5 fxe5 49. Kg3 Bf7 50. Ra8 Ke6 51. Kh4 Kf6 52. Ra6+ e6 53. Ra7 Bg6 54. g4 hxg4 55. hxg4 Bd3 56. Kh5 Be2 57. Ra2 Bf3 58. Rf2 e4 59. Kh6 Ke5 60. g5 Kf4 61. g6 e3 62. Rf1 e2 63. Re1 e5 64. g7 Bd5 65. Rxe2 e4 66. Rf2+ Kg3 67. Rf5 Bg8 68. Rf8 Bd5 69. Kg6 e3 70. Rf7 Bxf7+ 71. Kxf7 e2 72. g8=Q+ Kf2 1/2-1/2

[Event "Litomysl op"]
[Site "Litomysl"]
[Date "1996.??.??"]
[Round "3"]
[White "Likavsky, Tomas"]
[Black "Mirumian, Vigen"]
[Result "1-0"]
[WhiteElo "2305"]
[BlackElo "2430"]
[PlyCount "111"]
[EventDate "1996.??.??"]
[Source "www.chesslib.no"]
[SourceDate "2004.05.04"]

1. d4 Nf6 2. c4 g6 3. Nc3 d5 4. Bf4 Bg7 5. e3 O-O 6. cxd5 Nxd5 7. Nxd5 Qxd5 8. Bxc7 Bf5 9. Ne2 Na6 10. Nc3 Qc6 11. Ba5 b6 12. Qf3 Qd6 13. Nb5 Qe6 14. Bc3 Be4 15. Qg3 Bd5 16. Bd3 Bc4 17. Bxc4 Qxc4 18. Na3 Qa4 19. O-O Rac8 20. Rfc1 b5 21. Nc2 b4 22. b3 Qb5 23. Be1 Rc6 24. Qf3 Rfc8 25. Qd1 Qb6 26. Bd2 Rd8 27. f4 Nb8 28. Kh1 a5 29. Ne1 Qb5 30. Nf3 f6 31. Kg1 e5 32. Qf1 Qxf1+ 33. Kxf1 exf4 34. exf4 Rcd6 35. f5 g5 36. g4 Nc6 37. Be3 h5 38. h3 hxg4 39. hxg4 Re8 40. Kf2 Re4 41. d5 Ne5 42. Nxe5 Rxe5 43. Rc8+ Kf7 44. Rc7+ Kg8 45. Rd1 Rdxd5 46. Rxd5 Rxd5 47. Rc5 Rd1 48. Ke2 Rh1 49. Rxa5 Bf8 50. Bc5 Rh2+ 51. Kd3 Bxc5 52. Rxc5 Rxa2 53. Rc4 Rg2 54. Rxb4 Kf7 55. Re4 Rg1 56. b4 1-0

[Event "WchT U26 17th"]
[Site "Graz"]
[Date "1972.??.??"]
[Round "5"]
[White "Fedder, Steen"]
[Black "Kirilov, Nino"]
[Result "1/2-1/2"]
[WhiteElo "2370"]
[BlackElo "2365"]
[PlyCount "55"]
[EventDate "1972.07.15"]
[Source "ChessBase"]

1. d4 Nf6 2. c4 g6 3. Nc3 d5 4. Bf4 Bg7 5. e3 O-O 6. cxd5 Nxd5 7. Nxd5 Qxd5 8. Bxc7 Bf5 9. Ne2 Na6 10. Nc3 Qc6 11. Bg3 Nb4 12. Rc1 Rad8 13. a3 e5 14. axb4 exd4 15. Nb5 dxe3 16. Rxc6 exf2+ 17. Bxf2 Rxd1+ 18. Kxd1 bxc6 19. Nc3 Rd8+ 20. Ke1 Re8+ 21. Ne2 Bxb2 22. Bxa7 Bc3+ 23. Kf2 Bxb4 24. Be3 Ra8 25. Nd4 Be4 26. Be2 Ra2 27. Rd1 Bd5 28. Kf1 1/2-1/2

[Event "Budapest FS08 IM-B"]
[Site "Budapest"]
[Date "1998.08.05"]
[Round "5"]
[White "Kolbus, Dietmar"]
[Black "Dudas, Janos"]
[Result "0-1"]
[WhiteElo "2320"]
[BlackElo "2405"]
[PlyCount "102"]
[EventDate "1998.08.??"]
[Source "www.chesslib.no"]
[SourceDate "2004.05.04"]

1. d4 Nf6 2. c4 g6 3. Nc3 d5 4. Bf4 Bg7 5. e3 O-O 6. cxd5 Nxd5 7. Nxd5 Qxd5 8. Bxc7 Nc6 9. Ne2 Bg4 10. f3 Rac8 11. Nc3 Qd7 12. Bg3 Be6 13. Be2 f5 14. f4 Na5 15. O-O Bc4 16. b3 Bf7 17. Rc1 b6 18. Ba6 Rc7 19. Qe2 Qe6 20. Nb5 Rxc1 21. Rxc1 Nc6 22. Be1 Rd8 23. Na3 Nxd4 24. exd4 Bxd4+ 25. Kh1 Qxe2 26. Bxe2 Bb2 27. Rc7 Bxa3 28. Rxa7 Bd6 29. g3 Rc8 30. Bc4 Bxc4 31. bxc4 Rxc4 32. Bf2 b5 33. Ra8+ Kf7 34. Ra5 b4 35. Be3 Ke6 36. Kg1 h5 37. h4 Rc3 38. Kf2 Ra3 39. Rxa3 bxa3 40. Ke2 Kd5 41. Kd3 Bb4 42. Bf2 e6 43. Ke2 Kc4 44. Be1 Bxe1 45. Kxe1 Kd3 46. Kf2 Kd2 47. Kf3 Ke1 48. Kg2 Ke2 49. Kg1 Kf3 50. Kh2 Kf2 51. Kh3 Kg1 0-1

[Event "DEN-chB"]
[Site "Aalborg"]
[Date "2000.??.??"]
[Round "?"]
[White "Pedersen, Nicolai Vesterbaek"]
[Black "El Kher, Henrik"]
[Result "1-0"]
[WhiteElo "2352"]
[BlackElo "2372"]
[PlyCount "53"]
[EventDate "2000.??.??"]
[Source "www.chesslib.no"]
[SourceDate "2004.05.04"]

1. d4 Nf6 2. c4 g6 3. Nc3 d5 4. Bf4 Bg7 5. e3 O-O 6. cxd5 Nxd5 7. Nxd5 Qxd5 8. Bxc7 Na6 9. Bxa6 Qxg2 10. Qf3 Qxf3 11. Nxf3 bxa6 12. Rg1 Be6 13. b3 Rfc8 14. Rc1 a5 15. Ke2 a4 16. bxa4 Bxa2 17. Nd2 Be6 18. Rc5 Bd7 19. a5 e6 20. Ne4 Bb5+ 21. Rxb5 Rxc7 22. Rgb1 Bf8 23. Kd3 a6 24. Rb7 Rc6 25. R1b6 Rc1 26. Rxe6 Rh1 27. Rf6 1-0

[Event "Wichern op 5th"]
[Site "Hamburg"]
[Date "1999.10.15"]
[Round "1.1"]
[White "Novikov, Igor A"]
[Black "Raddatz, Michael"]
[Result "1-0"]
[WhiteElo "2614"]
[BlackElo "2099"]
[PlyCount "81"]
[EventDate "1999.10.15"]
[Source "www.chesslib.no"]
[SourceDate "2004.05.04"]

1. d4 Nf6 2. c4 g6 3. Nc3 d5 4. Bf4 Bg7 5. e3 O-O 6. cxd5 Nxd5 7. Nxd5 Qxd5 8. Bxc7 Na6 9. Bxa6 Qxg2 10. Qf3 Qxf3 11. Nxf3 bxa6 12. Rg1 Bb7 13. Ke2 Rac8 14. Rac1 Rfe8 15. Rc3 f5 16. Rgc1 Bf6 17. Ne1 Kf7 18. Nd3 g5 19. Be5 Rxc3 20. bxc3 Be4 21. Bxf6 Kxf6 22. f3 Bxd3+ 23. Kxd3 Rb8 24. c4 Ke6 25. c5 h5 26. e4 fxe4+ 27. fxe4 g4 28. c6 Kd6 29. Ke3 Kc7 30. d5 Kd6 31. Kf4 e6 32. c7 Rc8 33. Rc6+ Kd7 34. Rxe6 Rxc7 35. Rh6 Rc2 36. Rxh5 Rxa2 37. Kxg4 a5 38. e5 a4 39. Rh7+ Kd8 40. Rxa7 a3 41. Kf5 1-0